Statistics for Prehistoric Creature by Picture #1

Click here to take the quiz!

General Stats

  • This quiz has been taken 119 times
  • The average score is 11 of 16

Answer Stats

Answer% Correct
Megalodon
89%
Titanoboa
84%
Velociraptor
81%
Allosaurus
78%
Steppe Mammoth
78%
Ammonite
76%
Dunkleosteus
76%
Iguanodon
76%
Titanis
75%
Megatherium
71%
Sarcosuchus
71%
Pteranodon
70%
Dimorphodon
62%
Apatosaurus
58%
Anomalocaris
51%
Kronosaurus
45%

Score Distribution

Percentile by Number Answered

Percent of People with Each Score

Your Score History

You have not taken this quiz